000 00304nam a2200121Ia 4500
008 220204s9999 xx 000 0 und d
020 _a81866499008
082 _a82.081=214.21
_bKAM
100 _aKamsal, Haribabu
245 0 _aKaryalay praveenatha
260 _aNew Delhi
_bSudhamshu Bandhu
942 _cBK
999 _c44323
_d44323